Bývalú osadu pri Letanovskom mlyne chcú do leta vyčistiť prvé upratovanie stálo stovky eur

Podrobná bibliografia
Médium: Článok
Jazyk:slovenčina
Fyzický popis:Fotogr.
ISSN:1338-841X
Predmet:

MARC

LEADER 00000nab a2200000 ar4500
001 vtls010662178
003 SK-MaSNL
005 20260305030915.0
008 150319c20140311xo mr|p|||||||000 b|slo
038 |a SNSK 
040 |b slo  |c SNSK  |e AACR2 
041 |a slo 
044 |a xo  |c SK 
080 |a 711.438  |x (=214.58)  |x (437.6)  |2 2001 
080 |a 355.673  |2 2001 
080 |a 628.4.032  |2 2001 
245 0 0 |a Bývalú osadu pri Letanovskom mlyne chcú do leta vyčistiť  |b prvé upratovanie stálo stovky eur  |c [autor] (šim) 
300 |b Fotogr. 
650 0 7 |a rómske osady  |2 snsk  |9 70154 
650 0 7 |a odpad  |2 snsk  |9 14223 
650 0 7 |a upratovanie  |2 snsk  |9 29375 
651 7 |a Letanovce (Slovensko)  |2 snsk  |9 43925 
651 7 |a Spišská Nová Ves (Slovensko : okres)  |2 snsk  |9 22259 
773 0 |t Spišskonovoveský Korzár  |g Roč. III., č. 10 (11.3.2014), s. 3  |x 1338-841X 
852 |a SNSK  |b KIS3GCP 
999 |c 3313608  |d 3315538